Global inequalities (Record no. 15834)

MARC details
000 -LEADER
fixed length control field 00445nam a2200169Ia 4500
008 - FIXED-LENGTH DATA ELEMENTS--GENERAL INFORMATION
fixed length control field 230917s9999||||xx |||||||||||||| ||und||
020 ## - ISBN
Price GBP24.99
040 ## - CATALOGING SOURCE
-- 228007
Original cataloging agency VIVEKANANDA LIBRARY
041 ## - Language
-- English
082 ## - DDC NUMBER
Classification number 339.2 H744G
100 ## - MAIN ENTRY--PERSONAL NAME
Personal name Holton, Robert J
245 #0 - TITLE STATEMENT
Title Global inequalities
260 ## - PUBLICATION, DISTRIBUTION, ETC. (IMPRINT)
Place of publication, distribution, etc London
Name of publisher, distributor, etc Palgrave Macmillan
Date of publication, distribution, etc 2014
300 ## - PHYSICAL DESCRIPTION
Pages VIII,204 p.
500 ## - GENERAL NOTE
General note 2095 26/08/2015 APD15/2095 26/08/2015 Main Budget
942 ## - ADDED ENTRY ELEMENTS (KOHA)
Koha item type Books
Holdings
Withdrawn status Lost status Damaged status Not for loan Location (home branch) Sublocation or collection (holding branch) Date acquired Koha issues (times borrowed) Koha full call number Accession No. Koha date last seen Koha item type
        VIVEKANANDA LIBRARY VIVEKANANDA LIBRARY 05/11/2015   339.2 H744G 343514 17/09/2023 Books
© Designed and Maintained by Vivekananda Library, MDU Rohtak